000 00445nam a2200169Ia 4500
008 230917s9999||||xx |||||||||||||| ||und||
020 _cGBP24.99
040 _e228007
_aMAIN
041 _aEnglish
082 _a339.2 H744G
100 _aHolton, Robert J
245 0 _aGlobal inequalities
260 _aLondon
_bPalgrave Macmillan
_c2014
300 _aVIII,204 p.
500 _a2095 26/08/2015 APD15/2095 26/08/2015 Main Budget
942 _cBK
999 _c15834
_d15834